| 000 | | | 03644nmc2a22002413x 450 |
| 001 | | | 2318ca54-7527-45d0-b597-9c49a588b34a |
| 005 | | | 20210220025019.0 |
| 100 | ## | $a | 20200713l19001901k l0rusy0189 ca |
| 101 | 0# | $a | rus |
| 102 | ## | $a | RU |
| 105 | ## | $a | y### |
| 122 | 2# | $a | d |
| 200 | 1# | $a | Секретный журнал входящих бумаг по Трубецкому бастиону на 1901 год |
| | $j | 22 января 1900 г. - 31 декабря 1901 г. |
| 215 | ## | $a | 24 л. |
| | $d | 36,5х26 см |
| 251 | ## | $c | Дело |
| 300 | ## | $a | Дело |
| 371 | ## | $a | Документ не является опубликованным и широко распространяемым |
| 461 | #0 | $1 | 0017b64d590-6de0-42a1-9170-cada663b65f3 |
| | $1 | 2001 |
| | $a | Журналы Специального комитета по лесной части за 1905 год |
| | $1 | 251 |
| | $c | Дело |
| | $1 | 852 |
| | $j | 159 |
| 462 | #0 | $1 | 001fb0ce1c5-aaf3-429f-bef7-f8fa39eb6681 |
| | $1 | 2001 |
| | $a | Журналы Специального комитета по лесной части за 1906 год |
| | $1 | 251 |
| | $c | Дело |
| | $1 | 852 |
| | $j | 160 |
| 801 | #0 | $a | RU |
| | $b | РГИА |
| | $c | 20200713 |
| | $g | RCR |
| 801 | #1 | $a | RU |
| | $b | ГлавНИВЦ |
| | $c | 20200713 |
| | $2 | rusmarc |
| 801 | #2 | $a | RU |
| | $b | ПБ им. Б.Н. Ельцина |
| | $c | 20210220 |
| | $g | RCR |
| | $2 | rusmarc |
| 850 | ## | $a | РГИА |
| 852 | ## | $a | РГИА |
| | $e | Федеральное казенное учреждение "Российский государственный исторический архив" (РГИА) |
| | $j | 1345 |
| 937 | ## | $h | РГИА |
| | $d | 12349228 |
| | $a | ASBIBLIO_SCAN |
| 035 | ## | $a | RusGRCC00009793 |
| 856 | ## | $u | http://readingroom.main.prlib.ru/item.aspx?id_node=n157676677&mode=full |